[Event "24. Copenhagen Open  (Politiken Cup)"]
[Site "Copenhagen"]
[Date "2002.07.26"]
[Round "11"]
[White "Moller, Arne"]
[Black "Henrichsen, Jens"]
[Result "1-0"]
[WhiteElo "1808"]
[BlackElo "2067"]
[PlyCount "79"]
[EventDate "2002.07.15"]
[EventType "swiss"]
[EventRounds "11"]
[EventCountry "DEN"]
[SourceDate "2004.01.01"]

1. e4 c5 2. Nf3 e6 3. d4 cxd4 4. Nxd4 Nf6 5. Nc3 d6 6. Be2 a6 7. Be3 Be7 8. O-O
O-O 9. Kh1 Qc7 10. f4 b5 11. a3 Bb7 12. Bd3 Nbd7 13. Qe2 Rac8 14. h3 Rfe8 15.
Bg1 Bf8 16. Bh2 e5 17. fxe5 Nxe5 18. Rf5 Qb6 19. Bg1 Qd8 20. Raf1 d5 21. Nf3
Nxf3 22. gxf3 g6 23. Qg2 Bg7 24. Rf4 Nh5 25. Rg4 Nf6 26. Rg3 Kh8 27. Rg5 h6 28.
Rg3 Rxc3 29. bxc3 dxe4 30. Be2 Ba8 31. Bd4 Nh5 32. Rxg6 fxg6 33. Qxg6 Nf6 34.
Rg1 Rg8 35. f4 e3+ 36. Kh2 Be4 37. Qg3 Bf5 38. Be5 Nh5 39. Bxh5 Bxe5 40. Qxe3 {
Time} 1-0

[Event "24. Copenhagen Open  (Politiken Cup)"]
[Site "Copenhagen"]
[Date "2002.07.26"]
[Round "11"]
[White "Moller, Frederik Oest"]
[Black "Taksrud, Vidar"]
[Result "0-1"]
[WhiteElo "1479"]
[BlackElo "1888"]
[PlyCount "64"]
[EventDate "2002.07.15"]
[EventType "swiss"]
[EventRounds "11"]
[EventCountry "DEN"]
[SourceDate "2004.01.01"]

1. e4 c5 2. Nf3 e6 3. d4 cxd4 4. Nxd4 Nc6 5. Nc3 Qc7 6. Be2 a6 7. a4 Nf6 8. Bg5
Be7 9. O-O O-O 10. Kh1 h6 11. Bxf6 Bxf6 12. Nxc6 bxc6 13. f4 d5 14. e5 Be7 15.
Bd3 c5 16. Qh5 c4 17. Be2 Rd8 18. Bg4 Bf8 19. Bf3 Rb8 20. Rab1 g6 21. Qg4 Bg7
22. h4 h5 23. Qg5 Bb7 24. g4 hxg4 25. Qxg4 d4 26. Ne4 Bxe4 27. Bxe4 d3 28. cxd3
cxd3 29. Rg1 Rb4 30. Bf3 Bxe5 31. h5 Rxf4 32. Qh3 Kg7 0-1

[Event "24. Copenhagen Open  (Politiken Cup)"]
[Site "Copenhagen"]
[Date "2002.07.26"]
[Round "11"]
[White "Mortensen, Henrik"]
[Black "Li, Mike"]
[Result "1-0"]
[WhiteElo "2053"]
[BlackElo "1475"]
[PlyCount "35"]
[EventDate "2002.07.15"]
[EventType "swiss"]
[EventRounds "11"]
[EventCountry "DEN"]
[SourceDate "2004.01.01"]

1. e4 e5 2. Nf3 Nc6 3. d4 exd4 4. Nxd4 Bc5 5. Be3 Qf6 6. c3 Nge7 7. Bc4 O-O 8.
O-O Ne5 9. Be2 d6 10. Qd2 h6 11. f4 N5c6 12. b4 Bb6 13. b5 Nd8 14. Na3 Be6 15.
f5 Bc8 16. Nc4 Kh7 17. Rf3 Rg8 18. Bg5 1-0

[Event "24. Copenhagen Open  (Politiken Cup)"]
[Site "Copenhagen"]
[Date "2002.07.26"]
[Round "11"]
[White "Nielsen, Jens Holm"]
[Black "Raunkjar, Jonas"]
[Result "1-0"]
[WhiteElo "2098"]
[BlackElo "1702"]
[PlyCount "65"]
[EventDate "2002.07.15"]
[EventType "swiss"]
[EventRounds "11"]
[EventCountry "DEN"]
[SourceDate "2004.01.01"]

1. Nc3 d5 2. e4 d4 3. Nce2 e5 4. Ng3 Bd6 5. Bc4 Nf6 6. Nf3 h6 7. O-O O-O 8. c3
c5 9. cxd4 cxd4 10. d3 b6 11. Nh4 Ba6 12. Bxa6 Nxa6 13. Nhf5 Kh7 14. f4 exf4
15. Bxf4 Bxf4 16. Rxf4 g6 17. Qf3 g5 18. e5 gxf4 19. Qxf4 Ng8 20. Ne4 f6 21. e6
Qc7 22. Qh4 Nc5 23. e7 Rf7 24. Qh5 Rxe7 25. Nxf6+ Nxf6 26. Qxh6+ Kg8 27. Qxf6
Re6 28. Qg5+ Kh7 29. Rf1 Qe5 30. Qh5+ Kg8 31. Nh6+ Kg7 32. Rf7+ Kh8 33. Nf5+
1-0

[Event "24. Copenhagen Open  (Politiken Cup)"]
[Site "Copenhagen"]
[Date "2002.07.26"]
[Round "11"]
[White "Nielsen, Jorgen Kamp"]
[Black "Trarup, Jorgen"]
[Result "0-1"]
[WhiteElo "1400"]
[BlackElo "1270"]
[PlyCount "50"]
[EventDate "2002.07.15"]
[EventType "swiss"]
[EventRounds "11"]
[EventCountry "DEN"]
[SourceDate "2004.01.01"]

1. e4 c5 2. d4 cxd4 3. Nf3 e5 4. c3 Nc6 5. Nbd2 Nf6 6. Bb5 d6 7. cxd4 exd4 8.
Nxd4 Bd7 9. Qa4 Nxd4 10. Bxd7+ Qxd7 11. Qxd4 Be7 12. O-O O-O 13. b3 Ng4 14. Nf3
Bf6 15. Qd5 Bxa1 16. Bf4 Bb2 17. Rd1 Nf6 18. Qd3 Qc6 19. Qe2 Qxe4 20. Qxb2 Qxf4
21. Rd4 Qf5 22. Rxd6 Rad8 23. Rxd8 Rxd8 24. h3 Rd1+ 25. Kh2 Qf4+ 0-1

[Event "24. Copenhagen Open  (Politiken Cup)"]
[Site "Copenhagen"]
[Date "2002.07.26"]
[Round "11"]
[White "Nielsen, Max"]
[Black "Bering, Anders"]
[Result "1-0"]
[WhiteElo "2246"]
[BlackElo "2119"]
[PlyCount "77"]
[EventDate "2002.07.15"]
[EventType "swiss"]
[EventRounds "11"]
[EventCountry "DEN"]
[SourceDate "2004.01.01"]

1. e4 c5 2. Nf3 d6 3. d4 cxd4 4. Nxd4 Nf6 5. Nc3 g6 6. Be3 Bg7 7. f3 O-O 8. Qd2
Nc6 9. Bc4 Nd7 10. h4 Na5 11. Bb3 Nb6 12. Qd3 Bd7 13. h5 Rc8 14. hxg6 hxg6 15.
O-O-O Nbc4 16. Bg5 Nxb3+ 17. cxb3 Ne5 18. Qd2 f6 19. Bh6 Nf7 20. Bxg7 Kxg7 21.
Kb1 a6 22. g4 e5 23. Nc2 Rh8 24. Rhg1 Bc6 25. f4 exf4 26. Qxf4 Qe7 27. Nd4 Qe5
28. Qe3 Ng5 29. Nxc6 Rxc6 30. Rd5 Rh3 31. Rxe5 Rxe3 32. Re7+ Kf8 33. Rxb7 Nxe4
34. Nd5 Rg3 35. Rh1 Rh3 36. Re1 f5 37. Ne7 Re3 38. Nxg6+ Ke8 39. Rxe3 1-0

[Event "24. Copenhagen Open  (Politiken Cup)"]
[Site "Copenhagen"]
[Date "2002.07.26"]
[Round "11"]
[White "Nielsen, Palle"]
[Black "Gottschalck, Christian"]
[Result "0-1"]
[WhiteElo "1473"]
[BlackElo "1676"]
[PlyCount "96"]
[EventDate "2002.07.15"]
[EventType "swiss"]
[EventRounds "11"]
[EventCountry "DEN"]
[SourceDate "2004.01.01"]

1. d4 d5 2. Nf3 Bg4 3. Bf4 Nf6 4. Nbd2 e6 5. h3 Bh5 6. Ne5 Nfd7 7. g4 Nxe5 8.
dxe5 Bg6 9. Bg2 Nd7 10. O-O Be7 11. c3 h5 12. e4 Nb6 13. Qe2 c6 14. Be3 Qc7 15.
f4 hxg4 16. Qxg4 O-O-O 17. Qe2 dxe4 18. Nxe4 Bxe4 19. Bxe4 Rxh3 20. Bg2 Rh4 21.
Qf2 Rdh8 22. Rfd1 Nd5 23. Kf1 Qa5 24. Ke2 Qb5+ 25. Kf3 Nxe3 26. Qxe3 Bc5 27.
Qd3 Qxb2 28. Qd2 Qxd2 29. Rxd2 Rd8 30. Rxd8+ Kxd8 31. Rb1 Kc7 32. Kg3 Rh8 33.
Kg4 Rd8 34. Be4 Rd2 35. Rh1 f5+ 36. Bxf5 exf5+ 37. Kxf5 Kd7 38. Rh8 Ke7 39. Rb8
Rd7 40. Kg6 Ke6 41. Rg8 Be3 42. Kg5 Rf7 43. Re8+ Kd7 44. e6+ Kxe8 45. exf7+
Kxf7 46. Kf5 g6+ 47. Ke4 Bxf4 48. Kxf4 Kf6 0-1

[Event "24. Copenhagen Open  (Politiken Cup)"]
[Site "Copenhagen"]
[Date "2002.07.26"]
[Round "11"]
[White "Nielsen, Thomas"]
[Black "Royset, Paal"]
[Result "0-1"]
[WhiteElo "2018"]
[BlackElo "2252"]
[PlyCount "50"]
[EventDate "2002.07.15"]
[EventType "swiss"]
[EventRounds "11"]
[EventCountry "DEN"]
[SourceDate "2004.01.01"]

1. c4 Nf6 2. Nc3 e6 3. e4 d5 4. e5 Ne4 5. Nxe4 dxe4 6. d4 Nc6 7. Ne2 Nb4 8. Ng3
Qxd4 9. Qxd4 Nc2+ 10. Kd1 Nxd4 11. Nxe4 Bd7 12. Be3 Ba4+ 13. b3 Bc6 14. Nd2 Nf5
15. Bf4 O-O-O 16. Kc2 Bc5 17. f3 Rd4 18. Bg3 Rhd8 19. Be1 Bb4 20. Ne4 Bxe4+ 21.
fxe4 Ne3+ 22. Kb2 Rd2+ 23. Bxd2 Rxd2+ 24. Kb1 Ba3 25. g3 Rd1# 0-1

[Event "24. Copenhagen Open  (Politiken Cup)"]
[Site "Copenhagen"]
[Date "2002.07.26"]
[Round "11"]
[White "Nilsson, Nils Specht"]
[Black "Brasoy, Aksel"]
[Result "0-1"]
[WhiteElo "2187"]
[BlackElo "1665"]
[PlyCount "100"]
[EventDate "2002.07.15"]
[EventType "swiss"]
[EventRounds "11"]
[EventCountry "DEN"]
[SourceDate "2004.01.01"]

1. e4 c5 2. Nf3 e6 3. d4 cxd4 4. Nxd4 Nf6 5. Nc3 d6 6. Be3 Be7 7. g4 h6 8. Be2
Nc6 9. Qd2 Nxd4 10. Qxd4 e5 11. Qd1 Qa5 12. f3 a6 13. Qd2 Be6 14. a3 d5 15.
Nxd5 Qxd2+ 16. Bxd2 Nxd5 17. exd5 Bh4+ 18. Kd1 Bxd5 19. c4 Bc6 20. Kc2 O-O-O
21. Ba5 Rd7 22. Rhd1 Bg5 23. Rxd7 Bxd7 24. h3 h5 25. Bd2 Bxd2 26. Kxd2 hxg4 27.
hxg4 Rh2 28. Ke3 Ba4 29. b4 Kc7 30. Rc1 g6 31. c5 Bc6 32. Bd3 Ra2 33. Rc3 Ra1
34. Be4 Bb5 35. Bd5 Re1+ 36. Kf2 Re2+ 37. Kg3 f5 38. gxf5 gxf5 39. Be6 f4+ 40.
Kg4 Re3 41. Rc1 Bc6 42. Kf5 Bxf3 43. Rg1 Kc6 44. Rg7 Be4+ 45. Kf6 f3 46. Bd7+
Kd5 47. Be6+ Kd4 48. Rd7+ Kc3 49. Bh3 f2 50. Bf1 Re1 0-1

[Event "24. Copenhagen Open  (Politiken Cup)"]
[Site "Copenhagen"]
[Date "2002.07.26"]
[Round "11"]
[White "Olsen, Miriam Frida"]
[Black "Rosenkilde, Alexander"]
[Result "1-0"]
[WhiteElo "1894"]
[BlackElo "1639"]
[PlyCount "45"]
[EventDate "2002.07.15"]
[EventType "swiss"]
[EventRounds "11"]
[EventCountry "DEN"]
[SourceDate "2004.01.01"]

1. e4 c5 2. Nf3 d6 3. d4 cxd4 4. Nxd4 Nf6 5. Nc3 g6 6. Be3 Bg7 7. f3 O-O 8. Qd2
Nc6 9. Bc4 Bd7 10. O-O-O Ne5 11. Bb3 Qa5 12. h4 Rfc8 13. h5 Nc4 14. Bxc4 Rxc4
15. hxg6 fxg6 16. Nb3 Qa6 17. e5 dxe5 18. Nc5 Qa5 19. Nxd7 Nxd7 20. Qxd7 Rac8
21. Qe6+ Kf8 22. Rd7 Qb4 23. a3 1-0

[Event "24. Copenhagen Open  (Politiken Cup)"]
[Site "Copenhagen"]
[Date "2002.07.26"]
[Round "11"]
[White "Olsson, Tomas"]
[Black "Eriksson, Magnus"]
[Result "1-0"]
[WhiteElo "2109"]
[BlackElo "2010"]
[PlyCount "63"]
[EventDate "2002.07.15"]
[EventType "swiss"]
[EventRounds "11"]
[EventCountry "DEN"]
[SourceDate "2004.01.01"]

1. d4 Nf6 2. Nf3 g6 3. c4 Bg7 4. Nc3 O-O 5. e4 d6 6. Be2 e5 7. O-O Nc6 8. d5
Ne7 9. b4 Nh5 10. Re1 h6 11. Nd2 Nf4 12. Bf1 f5 13. g3 Nh5 14. exf5 Nxf5 15. g4
Nh4 16. gxh5 Qg5+ 17. Kh1 Rxf2 18. Re4 Bf5 19. Qe1 Rf4 20. Qg3 Qxh5 21. Be2
Bxe4+ 22. Ndxe4 Qf5 23. Bxf4 Qxf4 24. Rf1 Qxg3 25. hxg3 Nf5 26. Nb5 Nd4 27.
Nxd4 exd4 28. c5 Re8 29. Bd3 Be5 30. Kg2 Kg7 31. Rc1 Re7 32. cxd6 1-0

[Event "24. Copenhagen Open  (Politiken Cup)"]
[Site "Copenhagen"]
[Date "2002.07.26"]
[Round "11"]
[White "Petkovic, Peter"]
[Black "Jessen, Simon Pind"]
[Result "0-1"]
[WhiteElo "2151"]
[BlackElo "2074"]
[PlyCount "76"]
[EventDate "2002.07.15"]
[EventType "swiss"]
[EventRounds "11"]
[EventCountry "DEN"]
[SourceDate "2004.01.01"]

1. e4 e5 2. d4 exd4 3. c3 dxc3 4. Nxc3 d6 5. Bc4 Nc6 6. Nf3 Nf6 7. Qb3 Qd7 8.
Bg5 Na5 9. Qb4 Nxc4 10. Qxc4 c6 11. Bxf6 gxf6 12. O-O-O Qe6 13. Qd3 Bd7 14. Nd4
Qe5 15. g3 O-O-O 16. f4 Qa5 17. Kb1 Kb8 18. Qc4 d5 19. exd5 cxd5 20. Nxd5 Rc8
21. Nb3 Bf5+ 22. Ka1 Qxa2+ 23. Kxa2 Rxc4 24. Nc3 Be6 25. Rd8+ Kc7 26. Rhd1 Bg7
27. Rxh8 Bxh8 28. Nd5+ Kb8 29. Nc3 Bg7 30. Rd8+ Rc8 31. Rd3 Bf8 32. Nb1 a5 33.
Ka1 Bb4 34. Nd4 Bc4 35. Rd1 Re8 36. Nc3 Re3 37. Ndb5 Rd3 38. Re1 Bxb5 0-1

[Event "24. Copenhagen Open  (Politiken Cup)"]
[Site "Copenhagen"]
[Date "2002.07.26"]
[Round "11"]
[White "Rasmussen, Allan Stig"]
[Black "Laursen, Niels Norskov"]
[Result "1-0"]
[WhiteElo "2305"]
[BlackElo "2135"]
[PlyCount "81"]
[EventDate "2002.07.15"]
[EventType "swiss"]
[EventRounds "11"]
[EventCountry "DEN"]
[SourceDate "2004.01.01"]

1. b3 e5 2. Bb2 Nc6 3. c4 Nf6 4. e3 d6 5. Nc3 g6 6. d4 exd4 7. exd4 d5 8. Nf3
Bg7 9. Be2 O-O 10. O-O Re8 11. h3 Ne7 12. Re1 c6 13. g4 Be6 14. Qc2 h5 15. Ng5
Bc8 16. Qd1 hxg4 17. hxg4 Qd7 18. f3 Qc7 19. Kg2 Nh5 20. Kh1 Qg3 21. Bf1 Nf4
22. Qd2 Qh4+ 23. Qh2 Qxg5 24. Bc1 Qh6 25. Bxf4 Qxh2+ 26. Kxh2 Bxd4 27. Be5
Bxe5+ 28. Rxe5 Be6 29. Rae1 Kg7 30. f4 Kf6 31. Bh3 Rh8 32. Kg3 Rag8 33. cxd5
Nxd5 34. g5+ Kg7 35. Bxe6 Nxc3 36. Bxf7 Rf8 37. Bc4 Nd5 38. Bxd5 cxd5 39. Rxd5
Rf7 40. Rd6 Rhf8 41. Ree6 1-0

[Event "24. Copenhagen Open  (Politiken Cup)"]
[Site "Copenhagen"]
[Date "2002.07.26"]
[Round "11"]
[White "Rasmussen, Poul"]
[Black "Skovgaard, Peter Nicolai"]
[Result "1-0"]
[WhiteElo "1428"]
[BlackElo "1679"]
[PlyCount "83"]
[EventDate "2002.07.15"]
[EventType "swiss"]
[EventRounds "11"]
[EventCountry "DEN"]
[SourceDate "2004.01.01"]

1. e4 c5 2. Nc3 Nc6 3. Nf3 d6 4. d4 cxd4 5. Nxd4 Nf6 6. Be2 g6 7. O-O Bg7 8.
Be3 O-O 9. Kh1 Bd7 10. f4 Qa5 11. Bf3 Rac8 12. Nb3 Qd8 13. Qe2 a6 14. Rfd1 h5
15. h3 b5 16. Nd5 Nxd5 17. exd5 Na5 18. Nxa5 Qxa5 19. c3 b4 20. Bd4 bxc3 21.
Bxg7 Kxg7 22. bxc3 Ba4 23. Rdc1 Rfe8 24. c4 e5 25. f5 Qc5 26. fxg6 fxg6 27.
Rab1 Rf8 28. Rb7+ Rc7 29. Rxc7+ Qxc7 30. Qe3 Rf4 31. c5 Rd4 32. Qg5 dxc5 33.
Bxh5 Rxd5 34. Qxg6+ Kh8 35. Rb1 Rd6 36. Qf5 Rh6 37. Qf8+ Kh7 38. Qf5+ Kg7 39.
Rf1 Qe7 40. Qg4+ Kh8 41. Rf7 Qe6 42. Qg7# 1-0

[Event "24. Copenhagen Open  (Politiken Cup)"]
[Site "Copenhagen"]
[Date "2002.07.26"]
[Round "11"]
[White "Richards, Heather"]
[Black "Kaaber Hansen, Jacob"]
[Result "1/2-1/2"]
[WhiteElo "2275"]
[BlackElo "2079"]
[PlyCount "58"]
[EventDate "2002.07.15"]
[EventType "swiss"]
[EventRounds "11"]
[EventCountry "DEN"]
[SourceDate "2004.01.01"]

1. e4 c5 2. c3 d5 3. exd5 Qxd5 4. d4 cxd4 5. cxd4 Nc6 6. Nf3 e5 7. Nc3 Bb4 8.
Bd2 Bxc3 9. Bxc3 e4 10. Ne5 Nxe5 11. dxe5 Ne7 12. Qa4+ Bd7 13. Qa3 Qe6 14. Rd1
O-O 15. Rd6 Qf5 16. Be2 Bc6 17. Qc5 Ng6 18. O-O Nf4 19. Qe3 Nd5 20. Qg3 Nxc3
21. bxc3 Rae8 22. e6 fxe6 23. Bg4 Qg6 24. Qh3 Re7 25. Bxe6+ Kh8 26. Rfd1 Qf6
27. Bf5 Qxf5 28. Qxf5 Rxf5 29. Rxc6 h6 1/2-1/2

[Event "24. Copenhagen Open  (Politiken Cup)"]
[Site "Copenhagen"]
[Date "2002.07.26"]
[Round "11"]
[White "Robertsen, Thomas"]
[Black "Lilja, Richard"]
[Result "1-0"]
[WhiteElo "2022"]
[BlackElo "2123"]
[PlyCount "95"]
[EventDate "2002.07.15"]
[EventType "swiss"]
[EventRounds "11"]
[EventCountry "DEN"]
[SourceDate "2004.01.01"]

1. e4 e5 2. Nf3 Nc6 3. Bb5 a6 4. Ba4 Nf6 5. d3 Bc5 6. c3 b5 7. Bc2 d5 8. Qe2
dxe4 9. dxe4 Bg4 10. h3 Be6 11. Nbd2 h6 12. b4 Bb6 13. a4 O-O 14. g4 Nd7 15.
Bb3 Rb8 16. Rg1 g6 17. a5 Ba7 18. Ba2 Kh7 19. Nf1 Ne7 20. g5 h5 21. Be3 Bxe3
22. fxe3 c5 23. Ng3 cxb4 24. Nxh5 bxc3 25. Nf6+ Kg7 26. Qh2 Nc6 27. Bxe6 Nxf6
28. gxf6+ Qxf6 29. Bg4 Rfd8 30. h4 Rd3 31. Qe2 Rbd8 32. h5 Nb4 33. Bf5 Rxe3 34.
Qxe3 Nc2+ 35. Ke2 Nxe3 36. Kxe3 Qc6 37. hxg6 Qc5+ 38. Ke2 Qc4+ 39. Kf2 Qc5+ 40.
Ke2 Qc4+ 41. Kf2 f6 42. Rh1 c2 43. Rh7+ Kf8 44. Rah1 Rd1 45. g7+ Kf7 46. g8=Q+
Kxg8 47. Rh8+ Kf7 48. R1h7# 1-0

[Event "24. Copenhagen Open  (Politiken Cup)"]
[Site "Copenhagen"]
[Date "2002.07.26"]
[Round "11"]
[White "Rodriguez Vinuesa, Azahara"]
[Black "Wilsbeck, Jan Borge"]
[Result "1-0"]
[WhiteElo "2095"]
[BlackElo "1825"]
[PlyCount "101"]
[EventDate "2002.07.15"]
[EventType "swiss"]
[EventRounds "11"]
[EventCountry "DEN"]
[SourceDate "2004.01.01"]

1. e4 c5 2. Nf3 e6 3. d4 cxd4 4. Nxd4 a6 5. Be2 Qc7 6. O-O Nf6 7. Nc3 Be7 8.
Be3 Nc6 9. Kh1 b5 10. a3 Bb7 11. f4 d6 12. Bf3 Rc8 13. Qe1 O-O 14. Qg3 Ne8 15.
Nxc6 Bxc6 16. Bd4 Qb7 17. Rad1 f6 18. Qh3 e5 19. Be3 Nc7 20. Bg4 Rcd8 21. Rf3
g6 22. Rg3 Kh8 23. Bf3 Rg8 24. Rf1 a5 25. fxe5 dxe5 26. Qh4 b4 27. axb4 axb4
28. Nd1 Ne6 29. Rh3 Rg7 30. Qe1 Bxe4 31. Bh6 Bxf3 32. Bxg7+ Kxg7 33. Rhxf3 Nd4
34. R3f2 Rc8 35. c3 bxc3 36. bxc3 Nf5 37. Rb2 Qc6 38. Qe2 h5 39. Qb5 Qe6 40.
Qb3 Qc6 41. Qb7 Qe6 42. Rb6 Qc4 43. Rxf5 gxf5 44. Qxe7+ Kg8 45. h3 Qf1+ 46. Kh2
Rf8 47. Rb2 Qf4+ 48. Kg1 Qh6 49. Qe6+ Kh8 50. Qxf5 Rd8 51. Nf2 1-0

[Event "24. Copenhagen Open  (Politiken Cup)"]
[Site "Copenhagen"]
[Date "2002.07.26"]
[Round "11"]
[White "Roeder, Peter Ulrik"]
[Black "Carstensen, Jacob"]
[Result "1-0"]
[WhiteElo "2174"]
[BlackElo "2246"]
[PlyCount "95"]
[EventDate "2002.07.15"]
[EventType "swiss"]
[EventRounds "11"]
[EventCountry "DEN"]
[SourceDate "2004.01.01"]

1. d4 d5 2. c4 dxc4 3. Nf3 Nf6 4. e3 Bg4 5. Bxc4 e6 6. h3 Bh5 7. Nc3 Be7 8. O-O
O-O 9. Be2 Nc6 10. a3 a6 11. b4 Bd6 12. Bb2 Qe7 13. Qb3 e5 14. d5 e4 15. Nxe4
Nxe4 16. dxc6 bxc6 17. Rfc1 c5 18. Qd5 Bg6 19. Ne5 Rfd8 20. Nxg6 hxg6 21. Qc4
cxb4 22. axb4 Rab8 23. Qxa6 Rxb4 24. Ba3 Qh4 25. Rf1 Rb6 26. Qa4 Bxa3 27. Rxa3
Qe7 28. Rd3 Rbd6 29. Rxd6 Rxd6 30. Qa8+ Rd8 31. Qc6 Rd6 32. Qa8+ Kh7 33. Bf3
Nd2 34. Rc1 Rf6 35. Bd5 Qe5 36. Qa2 c6 37. Bxc6 Ne4 38. Bxe4 Qxe4 39. Rc4 Qb7
40. Qd2 Qb1+ 41. Rc1 Qb7 42. Qd4 Rb6 43. Qh4+ Kg8 44. Qd8+ Kh7 45. Rc7 Rb1+ 46.
Kh2 Qe4 47. Rc8 g5 48. Qxg5 1-0

[Event "24. Copenhagen Open  (Politiken Cup)"]
[Site "Copenhagen"]
[Date "2002.07.26"]
[Round "11"]
[White "Romsdal, Trond"]
[Black "Jorgensen, Dennis"]
[Result "1-0"]
[WhiteElo "2205"]
[BlackElo "2097"]
[PlyCount "125"]
[EventDate "2002.07.15"]
[EventType "swiss"]
[EventRounds "11"]
[EventCountry "DEN"]
[SourceDate "2004.01.01"]

1. d4 Nf6 2. c4 e6 3. Nf3 b6 4. g3 Ba6 5. b3 Bb4+ 6. Bd2 Be7 7. Bg2 c6 8. O-O
d5 9. Ne5 Nfd7 10. Qc2 O-O 11. Nd3 Nf6 12. e3 Nbd7 13. Nb4 Bb7 14. cxd5 cxd5
15. Nc6 Bxc6 16. Qxc6 Rc8 17. Qb5 Qc7 18. Nc3 Qb7 19. Qd3 Ba3 20. Rab1 Be7 21.
Rfc1 Rfd8 22. f3 a6 23. a4 Nb8 24. Bf1 Rd7 25. b4 Rdc7 26. Na2 h6 27. Rxc7 Rxc7
28. Rc1 Bd6 29. Rxc7 Qxc7 30. Qc3 Kf8 31. Kf2 Qxc3 32. Bxc3 Ke7 33. Bd3 Kd8 34.
h3 Kc7 35. e4 Be7 36. Bd2 Kb7 37. b5 a5 38. g4 Nbd7 39. Bf4 Bd8 40. Nc3 Bc7 41.
e5 Ne8 42. Be3 Bd8 43. Kg3 Nf8 44. Ne2 Kc8 45. f4 Kd7 46. f5 Be7 47. h4 Bb4 48.
Nf4 Be1+ 49. Kh3 Bb4 50. Nh5 Kd8 51. Nxg7 Nxg7 52. f6 Ne8 53. Bxh6 Nd7 54. h5
Bc3 55. Bg7 Bxd4 56. h6 Ndxf6 57. exf6 Bxf6 58. Bxf6+ Nxf6 59. g5 Ke7 60. gxf6+
Kxf6 61. Kg4 e5 62. Bf5 e4 63. Kf4 1-0

[Event "24. Copenhagen Open  (Politiken Cup)"]
[Site "Copenhagen"]
[Date "2002.07.26"]
[Round "11"]
[White "Rorvik, Jon F"]
[Black "Busk, Casper"]
[Result "1-0"]
[WhiteElo "2168"]
[BlackElo "1859"]
[PlyCount "67"]
[EventDate "2002.07.15"]
[EventType "swiss"]
[EventRounds "11"]
[EventCountry "DEN"]
[SourceDate "2004.01.01"]

1. c4 c6 2. g3 d5 3. Qc2 dxc4 4. Bg2 e5 5. Qxc4 Be6 6. Qc3 Nd7 7. d3 Ngf6 8.
Nf3 Nd5 9. Qc2 Nb4 10. Qd1 Nxa2 11. Bd2 Qb6 12. Nc3 Qxb2 13. Nxa2 Bxa2 14. O-O
Qb3 15. Qxb3 Bxb3 16. Rfb1 Bd5 17. Rxb7 Bc5 18. Bc3 f6 19. e4 Be6 20. d4 Bb6
21. dxe5 O-O-O 22. Rxb6 axb6 23. Nd4 Rde8 24. Nxe6 Rxe6 25. Bh3 Ree8 26. Ra7
Rd8 27. e6 Kb8 28. Rxd7 Rxd7 29. exd7 Rf8 30. e5 Kc7 31. e6 Kd6 32. Bd2 g5 33.
f4 f5 34. Bxf5 1-0

[Event "24. Copenhagen Open  (Politiken Cup)"]
[Site "Copenhagen"]
[Date "2002.07.26"]
[Round "11"]
[White "Rossen, Claus"]
[Black "Aagaard, Jacob"]
[Result "1/2-1/2"]
[WhiteElo "2185"]
[BlackElo "2359"]
[PlyCount "28"]
[EventDate "2002.07.15"]
[EventType "swiss"]
[EventRounds "11"]
[EventCountry "DEN"]
[SourceDate "2004.01.01"]

1. d4 Nf6 2. c4 e6 3. Nc3 Bb4 4. Qc2 O-O 5. a3 Bxc3+ 6. Qxc3 b6 7. Bg5 d6 8.
Nf3 Nbd7 9. Nd2 h6 10. Bh4 c5 11. dxc5 bxc5 12. e3 Bb7 13. f3 a5 14. Bd3 Ra6
1/2-1/2

[Event "24. Copenhagen Open  (Politiken Cup)"]
[Site "Copenhagen"]
[Date "2002.07.26"]
[Round "11"]
[White "Sanchez Martin, Vanessa"]
[Black "Abdagic, Edib"]
[Result "1-0"]
[WhiteElo "2123"]
[BlackElo "1831"]
[PlyCount "85"]
[EventDate "2002.07.15"]
[EventType "swiss"]
[EventRounds "11"]
[EventCountry "DEN"]
[SourceDate "2004.01.01"]

1. e4 e5 2. Nf3 f5 3. Nxe5 Qf6 4. d4 fxe4 5. Nc3 d6 6. Nc4 Qg6 7. f3 exf3 8.
Qxf3 Nf6 9. Qe3+ Kd8 10. Bd2 Bf5 11. Bd3 Bxd3 12. cxd3 Nc6 13. O-O Be7 14. Rac1
Re8 15. d5 Nb4 16. Nb5 Nbxd5 17. Qd4 c5 18. Qf2 Nd7 19. Qf3 a6 20. Qxd5 axb5
21. Qxb7 Rxa2 22. Ba5+ Rxa5 23. Nxa5 Ne5 24. Qb8+ Kd7 25. Qxb5+ Ke6 26. d4 cxd4
27. Nc6 Bf6 28. Qb3+ d5 29. Nxd4+ Ke7 30. Qxd5 Qd3 31. Rc7+ Kf8 32. Rf7+ Nxf7
33. Ne6+ Rxe6 34. Qxd3 Bxb2 35. Qc4 Re7 36. Qc8+ Re8 37. Qf5 Bd4+ 38. Kh1 Bf6
39. Qxh7 Ne5 40. Qf5 Kg8 41. g4 Nf7 42. Qg6 Rf8 43. Rxf6 1-0

[Event "24. Copenhagen Open  (Politiken Cup)"]
[Site "Copenhagen"]
[Date "2002.07.26"]
[Round "11"]
[White "Schmidt, Horst Hubert"]
[Black "Schmied, Andreas"]
[Result "0-1"]
[WhiteElo "1857"]
[BlackElo "2134"]
[PlyCount "84"]
[EventDate "2002.07.15"]
[EventType "swiss"]
[EventRounds "11"]
[EventCountry "DEN"]
[SourceDate "2004.01.01"]

1. e4 c5 2. c3 d5 3. exd5 Qxd5 4. Na3 Nf6 5. Nf3 Bg4 6. Be2 e6 7. O-O Be7 8. d4
cxd4 9. Nb5 Qd8 10. cxd4 O-O 11. Be3 Nc6 12. a3 Nd5 13. Nc3 Rc8 14. Rc1 Na5 15.
Nxd5 Qxd5 16. Qa4 a6 17. Rc3 Rxc3 18. bxc3 Rc8 19. Rc1 Qd8 20. c4 Nc6 21. d5
exd5 22. cxd5 Ne5 23. Rxc8 Nxf3+ 24. Bxf3 Bxc8 25. Qb3 b5 26. Qd3 Qa5 27. h3
Qxa3 28. Qc2 Bd7 29. Be4 h6 30. Qd2 Qa1+ 31. Kh2 Qe5+ 32. Bf4 Qxe4 33. d6 Bf6
34. f3 Qd4 35. Qc1 Be5 36. Bg3 Bxg3+ 37. Kxg3 Qxd6+ 38. f4 a5 39. Qe1 a4 40.
Qa5 a3 41. Qa8+ Kh7 42. Qe4+ Qg6+ 0-1

[Event "24. Copenhagen Open  (Politiken Cup)"]
[Site "Copenhagen"]
[Date "2002.07.26"]
[Round "11"]
[White "Skjoldan, Benjamin"]
[Black "Binau, Daniel"]
[Result "1-0"]
[WhiteElo "2024"]
[BlackElo "1439"]
[PlyCount "107"]
[EventDate "2002.07.15"]
[EventType "swiss"]
[EventRounds "11"]
[EventCountry "DEN"]
[SourceDate "2004.01.01"]

1. d4 d5 2. c4 e6 3. g3 Nf6 4. Bg2 b6 5. Nf3 Bb7 6. O-O dxc4 7. Qa4+ Nbd7 8.
Qxc4 c5 9. Nc3 Rc8 10. Rd1 cxd4 11. Qxd4 Bc5 12. Qh4 Qc7 13. Bf4 Qd8 14. Nb5
Ne4 15. Qg4 Nxf2 16. Qxg7 Nxd1+ 17. e3 Qf6 18. Qxf6 Nxf6 19. Rxd1 Nd5 20. Nfd4
Ke7 21. Nxa7 Ra8 22. Nac6+ Kd7 23. Ne5+ Ke8 24. a3 Bxd4 25. exd4 Rd8 26. Nc4
Nxf4 27. Bxb7 b5 28. Bc6+ Ke7 29. Bxb5 Rxd4 30. Re1 Nd5 31. Ne5 Rd2 32. Rf1 f6
33. Nc4 Rc2 34. Rf2 Rc1+ 35. Rf1 Rxf1+ 36. Kxf1 Rb8 37. Ba4 Nb6 38. Nxb6 Rxb6
39. b3 Kd6 40. Ke2 Kd5 41. Kd3 e5 42. b4 e4+ 43. Kc3 Ke5 44. b5 Rd6 45. Bc2 Rd5
46. a4 Rc5+ 47. Kb2 Kd4 48. b6 Rc8 49. a5 Rb8 50. Bd1 Ke3 51. Kc3 Rc8+ 52. Kb4
Rb8 53. Kb5 Kd2 54. Bh5 1-0